000 00454nam a2200181Ia 4500
005 20251020182532.0
008 200515s9999 xx 000 0 und d
082 _a711.12(72)/P72
245 0 _aPrograma Nacional de Desarrollo Urbano 1995-2000
260 _aMéxico, D.F.
260 _c1996
300 _aSecretaria de Desarrollo Social
500 _a1 ejemplar
650 _aDESARROLLO URBANO
650 _aLIB
650 _aMEXICO
942 _cLIB
999 _c2104
_d2104